000 00477nam a22001577a 4500
999 _c9564
_d9564
003 GBCCL
005 20241126110714.0
008 230315b ||||| |||| 00| 0 eng d
040 _cGBC
082 _aARCH GBC-2022
_bNAU
100 _aNaulak, NK
_916635
245 _aA biblical concept on altar and its implication to the practices of visible altar among the local churches in EBC
260 _aNew Lamka :
_bGrace Bible College,
_c2022.
300 _a47p. ;
942 _2ddc
_cTH